Szczegóły MARC21

Środki karne po nowelizacji w 2015 roku /

003 -Nazwa inst., której nr kontr. jest w polu 001 [,]
    • @
    • Nazwa instytucji, której n kontrolny jest w polu 001
    • NUKAT
005 -DATA I CZAS OSTATNIEJ MODYFIKACJI [,]
    • @
    • pole kontrolne
    • 20250513113043.0
020 -Międzynarod. znormalizowany nr książki - ISBN [ , ]
    • a
    • Numer ISBN
    • 9788326495342 Find
040 -Instytucja sporządzająca opis [ , ]
    • a
    • Instytucja, która sporządziła opis (NP)
    • WA LAZ/JF
    • c
    • Instytucja, która sporządziła rekord (NP)
    • WA LAZ/JF
    • d
    • Instytucja, która zmodyfikowała rekord (P)
    • WA LAZ/AZ
    • d
    • Instytucja, która zmodyfikowała rekord (P)
    • BSTOK U/LUs
    • d
    • Instytucja, która zmodyfikowała rekord (P)
    • BSTOK U/EWs
942 -Rodzaj dokumentu [ , ]
    • c
    • Rodzaj dokumentu
    • Książka
100 -Hasło główne - nazwa osobowa [1, ]
    • a
    • Nazwa osobowa (NP)
    • Janiszowski-Downarowicz, Rafał.
    • 9
    • KHW
    • 86307
245 -Strefa tytułu i oznaczenia odpowiedzialności [1,0]
    • a
    • Tytuł
    • Środki karne po nowelizacji w 2015 roku / Find
    • c
    • Pozostałe elementy strefy tytułu i oznaczenia odpowiedzialności (NP)
    • autorzy: Rafał Janiszowski-Downarowicz, Zofia Kocel-Krekora, Jacek Kosonoga, Jacek Kośla, Maciej Rogalski, Anna Sieradzka-Kośla, Blanka Julita Stefańska, Ryszard A. Stefański, Jan Znajdek, Bogumił Zygmont ; redakcja naukowa Ryszard A. Stefański.
250 -Strefa wydania [ , ]
    • a
    • Oznaczenie wydania (NP)
    • Stan prawny na 26 listopada 2015 r.
260 -Strefa adresu wydawniczego [ , ]
    • a
    • Miejsce wydania (P)
    • Warszawa :
    • b
    • Nazwa wydawcy (P)
    • Wolters Kluwer,
    • c
    • Data wydania (P)
    • 2016.
300 -Strefa opisu fizycznego [ , ]
    • a
    • Określenie formy książki i/lub objętość (NP)
    • 494 s. ;
    • c
    • Format (NP)
    • 21 cm.
336 -Typ zawartości [ , ]
    • a
    • Termin opisujący typ zawartości
    • Tekst
    • b
    • Kod określający zawartość
    • txt
    • 2
    • Źródło (terminu i kodu)
    • rdacontent
337 -Typ mediów [ , ]
    • a
    • Tryb odtwarzania
    • Bez urządzenia pośredniczącego
    • b
    • Kod typu mediów
    • n
    • 2
    • Źródło (terminu i kodu)
    • rdamedia
338 -Typ/rodzaj nośnika [ , ]
    • a
    • Hasło opisujące typ nośnika
    • Wolumin
    • b
    • Kod typu nośnika
    • nc
    • 2
    • Źródło (terminu i kodu)
    • rdacarrier
490 -Strefa serii i książki wielotomowej - forma nie do wyszukiwania [1, ]
    • a
    • Tytuł (P)
    • Monografie, Find
    • x
    • ISSN (NP)
    • 1897-4392
830 -Hasło dodatkowe serii i opisu książki wielotomowej - tytuł ujednolicony/tytuł [ ,0]
    • a
    • Tytuł ujednolicony/tytuł (NP)
    • Monografie - Wolters Kluwer Polska
    • x
    • ISSN
    • 1897-4392
    • 9
    • KHW
    • 931
504 -Uwaga dot. bibliogr. załącznikowej [ , ]
    • a
    • Uwaga dot. bibliografii załącznikowej
    • Bibliogr. przy rozdz.
080 -Uniwersalna Klasyfikacja Dziesiętna [ , ]
    • 2
    • Identyfikator wydania tablic
    • UDC-P058
    • 9
    • UKD
    • 3460
    • a
    • Symbol klasyfikacji
    • 343.24
    • b
    • Dopowiedzenie
    • Kary i środki wychowawcze. Penologia.
    • 4
    • UKD2
    • 7642
    • x
    • Poddział wspólny
    • (438)
    • c
    • Dopowiedzenie poddz. wspólnego
    • (Polska).
650 -Hasło przedmiotowe [ ,7]
    • a
    • Hasło przedmiotowe
    • Prawo karne
    • z
    • Określnik geograficzny
    • Polska
    • y
    • Określnik chronologiczny
    • 1990-
    • x
    • Określnik rzeczowy
    • legislacja.
    • 2
    • Źródło terminu
    • kaba
    • 9
    • KHW
    • 376430
650 -Hasło przedmiotowe [ ,7]
    • a
    • Hasło przedmiotowe
    • Prawo karne
    • z
    • Określnik geograficzny
    • Polska
    • y
    • Określnik chronologiczny
    • 1990-.
    • 2
    • Źródło terminu
    • kaba
    • 9
    • KHW
    • 361882
650 -Hasło przedmiotowe [ ,7]
    • a
    • Hasło przedmiotowe
    • Kary
    • z
    • Określnik geograficzny
    • Polska
    • y
    • Określnik chronologiczny
    • 1990-.
    • 2
    • Źródło terminu
    • kaba
    • 9
    • KHW
    • 380784
650 -Hasło przedmiotowe [ ,7]
    • a
    • Hasło przedmiotowe
    • Konfiskaty
    • x
    • Określnik rzeczowy
    • przepisy karne
    • z
    • Określnik geograficzny
    • Polska.
    • 2
    • Źródło terminu
    • kaba
    • 9
    • KHW
    • 367817
980 -Symbol UKD [ , ]
    • a
    • UKD
    • 343.24(438)
700 -Hasło dodatkowe - nazwa osobowa [1, ]
    • a
    • Nazwa osobowa (NP)
    • Kocel-Krekora, Zofia. Find
    • 9
    • KHW
    • 96101
700 -Hasło dodatkowe - nazwa osobowa [1, ]
    • a
    • Nazwa osobowa (NP)
    • Kosonoga, Jacek Find
    • d
    • Daty biograficzne (NP)
    • (1975- ).
    • 9
    • KHW
    • 77040
700 -Hasło dodatkowe - nazwa osobowa [1, ]
    • a
    • Nazwa osobowa (NP)
    • Rogalski, Maciej Find
    • d
    • Daty biograficzne (NP)
    • (1966- ).
    • 9
    • KHW
    • 1528
700 -Hasło dodatkowe - nazwa osobowa [1, ]
    • a
    • Nazwa osobowa (NP)
    • Stefańska, Blanka Julita. Find
    • 9
    • KHW
    • 69559
700 -Hasło dodatkowe - nazwa osobowa [1, ]
    • a
    • Nazwa osobowa (NP)
    • Znajdek, Jan. Find
    • 9
    • KHW
    • 96099
700 -Hasło dodatkowe - nazwa osobowa [1, ]
    • a
    • Nazwa osobowa (NP)
    • Zygmont, Bogumił. Find
    • 9
    • KHW
    • 96100
700 -Hasło dodatkowe - nazwa osobowa [1, ]
    • a
    • Nazwa osobowa (NP)
    • Stefański, Ryszard A. Find
    • d
    • Daty biograficzne (NP)
    • (1944- ).
    • e
    • Określenie rodzaju współpracy
    • Red.
    • 9
    • KHW
    • 12654
700 -Hasło dodatkowe - nazwa osobowa [1, ]
    • a
    • Nazwa osobowa (NP)
    • Kośla, Jacek Find
    • d
    • Daty biograficzne (NP)
    • (1968- ).
    • 9
    • KHW
    • 96103
700 -Hasło dodatkowe - nazwa osobowa [1, ]
    • a
    • Nazwa osobowa (NP)
    • Sieradzka-Kośla, Anna. Find
    • 9
    • KHW
    • 96102
710 -Hasło dodatkowe - nazwa ciała zbiorowego [2, ]
    • a
    • Nazwa ciała zbiorowego lub nazwa geograficzna jako pierwszy element (NP)
    • Wolters Kluwer Polska.
    • 4
    • Kod relacji
    • pbl
    • 9
    • KHW
    • 52677
920 -ISBN [ , ]
    • a
    • ISBN
    • 978-83-264-9534-2 Find
Status udost. Numer inwentarzowy Data inwentaryzacji Sygnatura Lokalizacja
1SA.238222016-03-17SA.23822BSA